000 00420nam a2200169Ia 4500
005 20250923144747.0
008 008 250917s9999 xx 000 0 eng d
037 _aTextual
040 _aDSWL
_beng
_cDSWL
041 _aeng
_2eng
084 _qDSWL
245 0 _a5000 Jahre Kunst aur Indian
260 _aGermany
_bVernstalteDer Ausst
_c1959
300 _a430p.
942 _cTEXL
999 _c1443017
_d1443017